| 000 | 00649nam a2200217 u 4500 | ||
|---|---|---|---|
| 005 | 20240831063717.0 | ||
| 008 | 080722s2006 es r 000 0 spa d | ||
| 020 | _a8424623398 | ||
| 035 | _aUPN01000157842 | ||
| 049 | _aI | ||
| 050 | 4 |
_aPZ74.9 _bD8.5 |
|
| 100 | 1 |
_aDuran, Teresa, _d1948- _933503 |
|
| 245 | 1 | 0 |
_aMamás a porrillo / _cTeresa Duran ; il. Quelot. |
| 260 |
_aBarcelona, Esp. : _bLa Galera, _c2006. |
||
| 300 |
_a[24] p. : _bprincipalmente il. col. |
||
| 650 | 4 |
_aCuentos infantiles españoles _97725 |
|
| 650 | 4 |
_aMadres e hijos _vLiteratura infantil _912201 |
|
| 700 | 0 |
_aQuelot, _eil. |
|
| 905 | _aInfantil | ||
| 999 |
_c129956 _d129956 |
||